Šķīstību sargājot

Titel: Šķīstību sargājot : slēptās kaislības Rūdolfa Blaumaņa stāstā «Baltais» / Kārlis Vērdiņš
Verfasser:
In: Rūdolfs Blaumanis: teksts un konteksts, (2013), Seite 77-88
alle Artikel anzeigen
Veröffentlicht: 2013
Format: Aufsatz
Sprache: Lettisch
Schlagworte:
Kein Bild verfügbar
X
alg: 46970666
001A    $03025:21-09-20 
001B    $01999:21-09-20 $t22:40:12.000 
001D    $03025:21-09-20 
001U    $0utf8 
001X    $00 
002@    $0Aou 
002C    $aText $btxt $2rdacontent 
002D    $aohne Hilfsmittel zu benutzen $bn $2rdamedia 
002E    $aBand $bnc $2rdacarrier 
003@    $046970666X 
007A    $046970666X $aHEB 
010@    $alav 
010E    $erda 
011@    $a2013 $n2013 
021A    $aŠķīstību sargājot $dslēptās kaislības Rūdolfa Blaumaņa stāstā «Baltais» $hKārlis Vērdiņš 
028A    $BVerfasser $#Verdinʹš, Karlis $#Вердиньш, Карлис $4aut $71133517676 $8Vērdiņš, Kārlis$Z1979- [Tp3] $9403990351 
031A    $g12 $h77-88 $j2013 
039B    $aEnthalten in $8--Aau--. Rūdolfs Blaumanis: teksts un konteksts. - Rīga : LU Akadēmiskais apgāds, 2013. - 486 Seiten. - Illustrationen, Karten. - ISBN 978-9984-45-781-9 $x201300000000000923 $9462979644 
044K    $#Blauman, R. $#Blauman, Rudolʹf $#Blaumanis, Rudolʹf $#Blaumann, Rudolf $7118511610 $8Blaumanis, Rūdolfs$Z1863-1908 [Tp1] $9086852744 
044K    $#Lettland $#Lettland $#Latvija $#Latvijas Republika $#Lettische Republik $#Lettische SSR $#Latvijskaja SSR $74074187-4 $8Lettland [Tg1] $9085208876 
044K    $RLiteratur $REpik $#Prose literature $#Prose literature History and criticism $#Prose $#Prosa $#Erzählende Prosa $#Erzählprosa $#Fiktionale Prosa $#Kunstprosa $#Prosaepik $#Prose fiction $#Prosawerk $#Erzählwerk Prosa $#Prosatext $#Prosawerke $#Prosatexte $74047497-5 $8Prosa [Ts1] $9085132446 
044K    $RBiograf $RLebenslauf $RBiografik $#Biographies $#Biography $#Biographies -- Histoire et critique $#Biographie $#Biographisches Nachschlagewerk $#Lebensbeschreibung $#Berühmte Persönlichkeit Biografie $#Biografisches Nachschlagewerk $74006804-3 $8Biografie [Ts1] $9085010375 
044K    $RSexualwissenschaft $RSexualverhalten $#Sex (Biology) $#Sex $#Sexualité (biologie) $#Sexualité $#Sesso $#Sexualidad $#Sexuality $#Sexualität $#Sexualität $#Geschlechtlichkeit $#Geschlechtsleben $74054684-6 $8Sexualität [Ts1] $9085152161 
045F    $a809 $eDDC23BSB 
045F/01 $a809 
045F/03 $f09034 
045F/03 $g4796 
046L    $aEnglische Zusammenfassung unter dem Titel: Reading Rūdolfs Blaumanis' novella "The White One" through the lens of Queer Theory 

lok: 46970666 78

exp: 46970666 78 1 #EPN
201B/01 $021-09-20 $t15:00:28.000 
201C/01 $021-09-20 
201U/01 $0utf8 
203@/01 $01123601682 
208@/01 $a21-09-20 $be 
209A/01 $a/ $f000 $x00 
209A/01 $ab*p $x01 
220C/01 $akoe 
247C/01 $82080>Marburg/Lahn, Herder-Institut, Forschungsbibliothek, Bibliographieportal $9336309341
LEADER 00000caa a2200000 c 4500
001 46970666X
003 DE-603
005 20200921224012.0
007 tu
008 200921s2013 xx |||| | u00||u|lav c
035 |a (DE-599)HEB46970666X 
040 |a DE-603  |b ger  |c DE-603  |d DE-603  |e rda 
041 |a lav 
082 0 4 |8 1\u  |a 809  |q DE-101  |2 23/BSB 
085 |8 1\u  |b 809 
085 |8 1\u  |z 1  |s 09034 
085 |8 1\u  |z 2  |s 4796 
100 1 |a Vērdiņš, Kārlis  |d 1979-  |e Verfasser  |4 aut  |0 (DE-603)403990351  |0 (DE-588)1133517676  |2 gnd 
245 0 0 |a Šķīstību sargājot  |b slēptās kaislības Rūdolfa Blaumaņa stāstā «Baltais»  |c Kārlis Vērdiņš 
264 0 |c 2013 
336 |a Text  |b txt  |2 rdacontent 
337 |a ohne Hilfsmittel zu benutzen  |b n  |2 rdamedia 
338 |a Band  |b nc  |2 rdacarrier 
546 |a Englische Zusammenfassung unter dem Titel: Reading Rūdolfs Blaumanis' novella "The White One" through the lens of Queer Theory 
600 1 7 |a Blaumanis, Rūdolfs  |d 1863-1908  |0 (DE-588)118511610  |0 (DE-603)086852744  |2 gnd 
650 7 |a Prosa  |0 (DE-588)4047497-5  |0 (DE-603)085132446  |2 gnd 
650 7 |a Biografie  |0 (DE-588)4006804-3  |0 (DE-603)085010375  |2 gnd 
650 7 |a Sexualität  |0 (DE-588)4054684-6  |0 (DE-603)085152161  |2 gnd 
651 7 |a Lettland  |0 (DE-588)4074187-4  |0 (DE-603)085208876  |2 gnd 
773 0 8 |i Enthalten in  |t Rūdolfs Blaumanis: teksts un konteksts  |d Rīga : LU Akadēmiskais apgāds, 2013  |h 486 Seiten, Illustrationen, Karten  |z 9789984457819  |g (2013), Seite 77-88  |w (DE-603)462979644 
924 0 |9 2080  |a (DE-603)1123601682  |b DE-2080  |c HES  |d d  |g /